Reseña histórica de la provincia de Tarapacá: Sus industrias. Su comercio y, especialmente, las actividades de su principal puerto: Iquique
Uloženo v:
| Hlavní autoři: | , |
|---|---|
| Médium: | Kniha |
| Jazyk: | španělština |
| Vydáno: |
Iquique
Imprenta Caras y Caretas
1936
|
| Vydání: | 1a. ed |
| Témata: | |
| Tagy: |
Přidat tag
Žádné tagy, Buďte první, kdo vytvoří štítek k tomuto záznamu!
|
MARC
| LEADER | 00000nam a2200000 a 4500 | ||
|---|---|---|---|
| 001 | UCJ3906 | ||
| 003 | CL-VaPUC | ||
| 008 | 070124e19360000CL |||||||||||||||||spa|d | ||
| 082 | 0 | 4 | |a 983 |b ALF |2 21 |
| 100 | 0 | |a Alfaro Calderón, Carlos A |e author |9 506464 | |
| 700 | 0 | |a Bustos González, Miguel |e author |9 506465 | |
| 245 | 1 | 0 | |a Reseña histórica de la provincia de Tarapacá: Sus industrias. Su comercio y, especialmente, las actividades de su principal puerto: Iquique |
| 250 | |a 1a. ed | ||
| 300 | |a 550 p | ||
| 942 | |c BK | ||
| 945 | |d 20070124 00:00:00 |a rinostro | ||
| 260 | |a Iquique |b Imprenta Caras y Caretas |c 1936 | ||
| 500 | |a Numerosas fotografías | ||
| 650 | 0 | |a Historia urbana |9 265140 | |
| 650 | 0 | |a Historia local |9 266584 | |
| 650 | 0 | |a Iconografía |9 267998 | |
| 651 | 7 | |a TARAPACA |2 CL-VaPUC |9 268304 | |
| 651 | 7 | |a IQUIQUE |2 CL-VaPUC |9 357757 | |
| 583 | |a last modification |c 20190724 10:37:39 |k Rodrigo Vera | ||
| 999 | |c 320025 |d 320023 | ||
| 952 | |0 0 |1 0 |4 0 |6 983_000000000000000_ALF_1936 |7 0 |8 X |9 398472 |a FDOBUD |b FDOBUD |d 2019-11-22 |i 1010840 |o 983 ALF 1936 |p 1010840 |r 2019-11-22 |w 2019-11-22 |y BK_X |k BUD | ||